La réponse est (presque) quelque chose d'autre - Statistiques

Statistiques générales
  • Ce quiz a été pris 664 fois
  • Le résultat moyen est 10 sur 20
Statistiques - réponses
Domaine de la réponse Indice Réponse % Correct
Département Chiffre Ain
95%
Fleuve Organes de l'appareil urinaire des vertébrés Rhin
93%
Marque Chanteur des "Mistral Gagnants" de "La mère à Titi" Renault
89%
Département Quatorzième lettre de l'alphabet Aisne
88%
Outil Huitième lettre de l'alphabet Hache
86%
Fleuve L'un des GAFAM Amazone
79%
Île On en a deux sur le visage Île d'{Yeu}
76%
Archipel Petit oiseau domestique de couleur jaune Canaries
74%
Pays Le sport permet d'en brûler Grèce
72%
Outil Se trouve sur la troisième ligne de la portée en clé de sol Scie
60%
Pays Industrie de transformation du bois Syrie
56%
État des États-Unis Principal, important en anglais Maine
47%
Pays Dans Rasta Rocket, réponse à "T'es mort man ?" Yémen
32%
Danse Son successeur Valse
21%
Pays Mouvement chrétien médiéval répandu notamment dans l'Aude Qatar
17%
Chanson Poissonnière et femme d'Ordralfabétix dans le village d'Astérix Yellow Submarine
15%
Département Premier Ministre de la Ve République Hérault
14%
Pays Peintre spécialisé dans le Pop Art Liechtenstein
8%
Pays En cas d'allergie ou de rhume on peut l'avoir Népal
7%
État indien Jeu où il faut mettre des boules dans des trous sur une table Bihar
6%
Aucun quiz correspondant
Distribution des résultats
% des personnes avec chaque résultat
Percentile par nombre de réponses
Votre historique - résultats
Vous n’avez pas pris ce quiz